000 00614nam a2200205 a 4500
001 20224
003 CO-ViMGA
008 141112s2004 ck r 000 u spa d
020 _a9586440842
040 _aCO-ViMGA
_bspa
_cCO-ViMGA
082 0 4 _a347.09 B677j
100 1 _aBorrero Garcia, Camilo, ed.
_929251
245 1 0 _aJusticia Alternativa :
_bestudios de caso
260 _aBogotá :
_bCINEP,
_c2003
300 _a278 p.
590 _aForma de adquisición : Pemio Mincultura
650 1 4 _aADMINISTRACION DE JUSTICIA - CASOS - COLOMBIA
_929252
650 1 4 _aCONCILIACION - COLOMBIA
_922208
942 _2ddc
_cBK
999 _c29271
_d29271